Ranking najtrudniejszych języków świata - Statystyki

Ogólne statystyki
  • Ten quiz został rozwiązany 431 razy
    416 od ostatniego zresetowania
  • Średni wynik to 4 z 9
Statystyki odpowiedzi
Kolejność Język % Poprawnych
7. Polski
97%
9. Japoński
76%
1. Mandaryński
60%
8. Koreański
58%
6. Węgierski
53%
5. Fiński
40%
2. Islandzki
24%
4. Baskijski
9%
3. Nawaho
7%
Nie znaleziono quizów pasujących do podanych kryteriów
Rozkład punktacji
Procent ludzi z każdym wynikiem
Percentyl według liczby udzielonych odpowiedzi
Twoja historia wyników
Nie rozwiązałeś tego quizu od ostatniego zresetowania